Statistics for All of the countries quiz

Click here to take the quiz!

General Stats

  • This quiz has been taken 11 times
  • The average score is 168 of 196

Answer Stats

Country % Correct
Iraq
100%
Chile
100%
Spain
100%
New Zealand
100%
France
100%
Saudi Arabia
100%
Finland
100%
Canada
100%
Russia
100%
Portugal
100%
China
100%
Germany
100%
Poland
100%
Iran
100%
Mexico
100%
Monaco
100%
Norway
100%
Denmark
100%
Egypt
100%
Niger
100%
Brazil
100%
Netherlands
100%
Sweden
100%
Japan
100%
Iceland
100%
Hungary
100%
Ireland
100%
Argentina
100%
Vatican City
100%
Australia
100%
Italy
100%
Bolivia
100%
United Kingdom
100%
United States
100%
Jordan
100%
Turkey
100%
Belgium
100%
Greece
100%
Madagascar
91%
Kenya
91%
Malaysia
91%
Malta
91%
Laos
91%
North Macedonia
91%
Mongolia
91%
Israel
91%
Morocco
91%
Lithuania
91%
Latvia
91%
Liechtenstein
91%
Afghanistan
91%
Nicaragua
91%
Suriname
91%
Zambia
91%
Yemen
91%
Vietnam
91%
Venezuela
91%
Uruguay
91%
United Arab Emirates
91%
Ukraine
91%
Tunisia
91%
Thailand
91%
Taiwan
91%
Syria
91%
South Korea
91%
Nigeria
91%
South Africa
91%
Slovenia
91%
Slovakia
91%
San Marino
91%
Romania
91%
Philippines
91%
Paraguay
91%
Panama
91%
Pakistan
91%
Oman
91%
North Korea
91%
Peru
91%
Libya
91%
Indonesia
91%
Costa Rica
91%
Ecuador
91%
Dominican Republic
91%
Dominica
91%
Democratic Republic
of the Congo
91%
Cuba
91%
Croatia
91%
India
91%
Fiji
91%
Bulgaria
91%
Bosnia and
Herzegovina
91%
Belarus
91%
Austria
91%
Andorra
91%
Algeria
91%
El Salvador
91%
Colombia
91%
Guatemala
91%
Honduras
91%
Haiti
91%
Guyana
91%
Ghana
91%
Albania
82%
Seychelles
82%
Serbia
82%
Cambodia
82%
Samoa
82%
Central African Republic
82%
Saint Lucia
82%
Cape Verde
82%
Singapore
82%
Republic of the Congo
82%
Qatar
82%
Chad
82%
Kazakhstan
82%
Sierra Leone
82%
Zimbabwe
82%
Somalia
82%
Ivory Coast
82%
South Sudan
82%
Sri Lanka
82%
Sudan
82%
Eswatini
82%
Switzerland
82%
Bhutan
82%
Tajikistan
82%
Tanzania
82%
Belize
82%
Tonga
82%
Turkmenistan
82%
Tuvalu
82%
Uganda
82%
Guinea
82%
Saint Vincent and the
Grenadines
82%
Estonia
82%
Ethiopia
82%
Mozambique
82%
Namibia
82%
Nauru
82%
Lesotho
82%
Federated States of
Micronesia
82%
East Timor
82%
Luxembourg
82%
Kyrgyzstan
82%
Eritrea
82%
Kuwait
82%
Czech Republic
82%
Cyprus
82%
Palau
82%
Kiribati
82%
Lebanon
82%
Trinidad and Tobago
73%
Benin
73%
Maldives
73%
Togo
73%
Marshall Islands
73%
Bangladesh
73%
Barbados
73%
Guinea-Bissau
73%
Bahamas
73%
Azerbaijan
73%
Uzbekistan
73%
Antigua and Barbuda
73%
Angola
73%
Gambia
73%
Georgia
73%
Mauritania
73%
Papua New Guinea
73%
Mauritius
73%
Senegal
73%
Rwanda
73%
Saint Kitts and Nevis
73%
Grenada
73%
Cameroon
73%
São Tomé and Príncipe
73%
Nepal
73%
Botswana
73%
Liberia
73%
Equatorial Guinea
73%
Myanmar
73%
Solomon Islands
73%
Moldova
73%
Vanuatu
64%
Comoros
64%
Kosovo
64%
Djibouti
64%
Armenia
64%
Jamaica
64%
Brunei
64%
Burundi
64%
Mali
64%
Burkina Faso
64%
Montenegro
64%
Malawi
64%
Gabon
64%
Bahrain
45%

Score Distribution

Percentile by Number Answered

Percent of People with Each Score

Your Score History

You have not taken this quiz